000 00202nam a2200085Ia 4500
008 170620s9999 xx 000 0 und d
100 _aRai- Amarnath
245 0 _aNirdashak avam Paramarsh
260 _bDelhi- MotiLal
260 _c2010
999 _c25433
_d25433